00667cam a22002175a 450000100090000000300040000900500170001300800410003001000170007102000430008804000120013104200080014308200210015124501310017225000120030326000330031526300090034830000430035765000190040065000300041916489458OSt20150408114045.0101005s2010 nyu 000 0 eng  a 2010938616 a9783709101414 (hardcover : alk. paper) aDLCcMU apcc 221a571.6bB I A00aBiological adhesive systems :bfrom nature to technical and medical application /c[edited by] Janek von Byern, Ingo Grunwald. a1st ed. aNew York :bSpringer,c2010. a1011 axi, 305 p. : ill. (some col.) ; 27 cm. 4aCell adhesion. 4aCell adhesion molecules.